000 00530nam a2200181Ia 4500
008 090201s9999 xx 000 0 und d
010 _aKPL-68143
040 _bमराठी
041 _aमराठी
082 _a46636
_b68143
100 _aमेघना पेठे
245 _aनातिचरामि
_cमेघना पेठे
250 _a1
260 _c2006
_bराजहंस प्रकाशन
300 _a315
_bमोठा
600 _aनातिचरामि
942 _cBOOK
999 _c243455
_d243455